00746nam a2200193 a 450000100060000000300090000600800410001504000280005608200170008410000540010124500670015526000420022230000100026459000610027465000490033594200120038499900170039695201390041315804CO-ViMGA141112s2004 ck r 000 u spa d aCO-ViMGAbspacCO-ViMGA04a342.86 C656e1 aColombia : Ministerio de Justicia y del Derecho, 10aEvaluación cuantitativa de la Justicia : bPeríodo de 1994 aBogotá, cImprenta Nacional, c1998 a77.p. aForma de adquisición : Donación - - Precio : 10.00014aADMINISTRACION DE JUSTICIA - COLOMBIA922739 2ddccBK c25878d25878 00102ddc40708002aMEVIECARbMEVIECARd2015-12-04h11/jun/2009l0o342.86 C656e p15804r2015-12-04 00:00:00tEj. 1w2015-12-04yBK